000 01565namaa22003251i 4500
005 20260223101841.0
008 260112s1994 ua ado|frm||| 000 0 eng d
040 _aEG-GICUC
_beng
_cEG-GICUC
_dEG-GICUC
_erda
041 0 _aeng
_beng
_bara
049 _aDeposit
097 _aPh.D
099 _aCai01.12.15.Ph.D.1994.Ez.P.
100 0 _aEzz El Din Abdel Hakim Khalaf,
_epreparation.
245 1 0 _aPetrography, geochemistry and petrogenesis of volcanics and associated rocks of Gebel El Dokhan area, Northeastern Desert, Egypt /
_b
_cBy Ezz El Din Abdel Hakim Khalaf; Supervised By Prof. Dr. Klaus Vieten, Prof. Dr. R.M. El Bayoumi, Prof. Dr. H.T. Abu Zied.
246 1 5 _aدراسات بتروجرافية و جيوكيميائية و بترولوجية للبركانيات و الصخور المصاحبة لها فى منطقة جبل الدخان - شمال الصحراء الشرقية
264 0 _c1994.
300 _a174 Leaves :
_billustrations ;
_c30 cm. +
336 _2rda content
_atext
337 _2rdamedia
_aUnmediated
338 _2rdacarrier
_avolume
502 _aThesis (Ph.D)-Cairo University, 1994.
504 _aBibliography: pages 150-172
653 0 _aPetrography
_ageochemistry
_aEgypt geology
700 0 _aKlaus Vieten
_ethesis advisor.
700 0 _aR.M. El Bayoumi
_ethesis advisor.
700 0 _aH.T. Abu Zied
_ethesis advisor.
900 _DDepartment of Geology
_FFaculty of Science
_UCairo University
_b1994.
_cKlaus Vieten
_cR.M. El Bayoumi
_cH.T. Abu Zied
905 _aNermeen-A
_eNourhan
942 _2ddc
_cTH
_e21
_n0
999 _c177624